000 00552nam a22002057a 4500
003 OSt
005 20140310182926.0
008 130130t xxu||||| |||| 00| 0 eng d
020 _a9715504477
050 _aPL6064
_b.C454 2003
082 _aFIL 899.2113
_bC454 2003
245 _aAng anak ng kardenal
_cChanco, Gerardo R.
260 _aQuezon City
_bAteneo De Manila University Press
_cc2003
300 _a292 p.
_c18 cm.
521 _acollege students
526 _c1210L-1700L
541 _j1
562 _e1
942 _2lcc
_cBK
_kFIL
999 _c17419
_d17419